| 000 | 01031cam a2200193 4500 | ||
|---|---|---|---|
| 001 | WB3531-14 | ||
| 008 | 000000n1999 000 0 eng u | ||
| 035 | _a(Sirsi) u102035 | ||
| 245 | _aRegion will struggle on Brownfield use. | ||
| 260 | _c1999 | ||
| 490 |
_aPlanning (for the Natural and Built Environment) _v(1330) 6 August 1999, 3,6(2) |
||
| 520 | _aDraft regional planning guidance reveals that Yorkshire and Humberside will struggle to meet Government's target of building 60% of new homes on brownfield sites, 49% of the 251,700 additional homes needed can be achieved. The guidance is the first to be published in tandem with the draft economic strategy for the region. Advancing together towards a spatial strategy is available from Regional Assembly for Yorkshire and Humberside, tel: 01924 306980; or at: www.planning.haynet.com | ||
| 650 | _aYORKSHIRE AND HUMBERSIDE | ||
| 650 | _aBROWNFIELD SITES | ||
| 650 | _aREGIONAL PLANNING GUIDANCE | ||
| 650 | _aHOUSING DEVELOPMENT | ||
| 690 | _aHOUSING | ||
| 942 | _n0 | ||
| 999 |
_c61127 _d61127 |
||